Compass in hand : (Record no. 20696)

000 -LEADER
fixed length control field 02164cam a2200385 a 4500
001 - CONTROL NUMBER
control field 15557594
005 - DATE AND TIME OF LATEST TRANSACTION
control field 20170120114741.0
008 - FIXED-LENGTH DATA ELEMENTS--GENERAL INFORMATION
fixed length control field 081215s2009 nyua bc 001 0 eng d
010 ## - LIBRARY OF CONGRESS CONTROL NUMBER
LC control number 2008943590
020 ## - INTERNATIONAL STANDARD BOOK NUMBER
International Standard Book Number 9780870707452
020 ## - INTERNATIONAL STANDARD BOOK NUMBER
International Standard Book Number 0870707450
035 ## - SYSTEM CONTROL NUMBER
System control number (OCoLC)ocn276334214
040 ## - CATALOGING SOURCE
Original cataloging agency BTCTA
Transcribing agency BTCTA
Modifying agency YDXCP
-- BWX
-- OAC
-- NGA
-- CDX
-- UAB
-- DLC
042 ## - AUTHENTICATION CODE
Authentication code lccopycat
043 ## - GEOGRAPHIC AREA CODE
Geographic area code n-us-ny
050 00 - LIBRARY OF CONGRESS CALL NUMBER
Classification number NC95
Item number .M878 2009
110 2# - MAIN ENTRY--CORPORATE NAME
Corporate name or jurisdiction name as entry element Museum of Modern Art (New York, N.Y.)
245 10 - TITLE STATEMENT
Title Compass in hand :
Remainder of title selections from the Judith Rothschild Foundation contemporary drawings collection /
Statement of responsibility, etc. Christian Rattemeyer.
246 30 - VARYING FORM OF TITLE
Title proper/short title Selections from the Judith Rothschild Foundation contemporary drawings collection
260 ## - PUBLICATION, DISTRIBUTION, ETC. (IMPRINT)
Place of publication, distribution, etc. New York :
Name of publisher, distributor, etc. Museum of Modern Art :
-- Distributed in the U.S. by D.A.P./Distributed Art Publishers,
Date of publication, distribution, etc. c2009.
300 ## - PHYSICAL DESCRIPTION
Extent 317 p. :
Other physical details col. ill ;
Dimensions 30 cm.
500 ## - GENERAL NOTE
General note Catalog of an exhibition held at the Museum of Modern Art, New York, Apr. 22-July 27, 2009.
500 ## - GENERAL NOTE
General note The Judith Rothschild Foundation contemporary drawings collection was acquired by the Museum of Modern Art, New York, in 2005.
504 ## - BIBLIOGRAPHY, ETC. NOTE
Bibliography, etc Includes bibliographical references and index.
505 2# - FORMATTED CONTENTS NOTE
Formatted contents note Foreword / Glenn D. Lowry -- Acknowledgments / Cornelia Butler -- Compass in hand : assessing drawing now / Christian Rattemeyer -- Harvey S. Shipley Miller and Gary Garrels / interviewed by Cornelia Butler and Christian Rattemeyer -- Plates -- Index -- Trustees of the Museum of Modern Art.
610 20 - SUBJECT ADDED ENTRY--CORPORATE NAME
Corporate name or jurisdiction name as entry element Museum of Modern Art (New York, N.Y.)
Form subdivision Exhibitions.
610 20 - SUBJECT ADDED ENTRY--CORPORATE NAME
Corporate name or jurisdiction name as entry element Judith Rothschild Foundation
General subdivision Art collections
Form subdivision Exhibitions.
650 #0 - SUBJECT ADDED ENTRY--TOPICAL TERM
Topical term or geographic name as entry element Drawing
Chronological subdivision 20th century
Form subdivision Exhibitions.
650 #0 - SUBJECT ADDED ENTRY--TOPICAL TERM
Topical term or geographic name as entry element Drawing
Geographic subdivision New York (State)
-- New York
Form subdivision Exhibitions.
700 1# - ADDED ENTRY--PERSONAL NAME
Personal name Rattemeyer, Christian.
942 ## - ADDED ENTRY ELEMENTS (KOHA)
Source of classification or shelving scheme
Koha item type Hard Covered Materials
Classification part NC95 .M878 2009
Holdings
Withdrawn status Lost status Source of classification or shelving scheme Damaged status Not for loan Home library Current library Shelving location Date acquired Source of acquisition Total Checkouts Full call number Barcode Date last seen Price effective from Koha item type
          MACHAKOS UNIVERSITY LIBRARY MACHAKOS UNIVERSITY LIBRARY Technical section 20/01/2017 Donation(BFA)   NC95 .M878 2009 30923 11/07/2018 20/01/2017 Hard Covered Materials
© Machakos University Library, Along The Highway, Machakos Wote Rd, Machakos, Kenya P.O. Box 136 - 90100 Machakos - Kenya

Tel: ( +254 ) 723 805829 OR Fax : 044-20353 OR Email: library@mksu.ac.ke